Hai nhà nghề
Hai nhà nghề là quyển sách thuộc bộ sách "Làm quen với văn học", tuyển tập những truyện ngắn đặc sắc dành cho lứa tuổi thiếu nhi.
שמור ב:
| פורמט: | ספר |
|---|---|
| שפה: | Vietnamese |
| יצא לאור: |
TP. Hồ Chí Minh
Trẻ
2009.
|
| נושאים: | |
| תגים: |
הוספת תג
אין תגיות, היה/י הראשונ/ה לתייג את הרשומה!
|
| Thư viện lưu trữ: | Thư viện Trường Đại học Nam Cần Thơ |
|---|
| LEADER | 00844nam a22001817a 4500 | ||
|---|---|---|---|
| 001 | NCT_4_006477 | ||
| 008 | 240327b xxu||||| |||| 00| 0 vie d | ||
| 999 | |c 8220 |d 8220 | ||
| 020 | |c 14500 | ||
| 082 | 0 | 4 | |2 23rd ed. |a 895.922 |b H103N |
| 245 | 0 | 0 | |a Hai nhà nghề |c Nhiều tác giả |
| 260 | |a TP. Hồ Chí Minh |b Trẻ |c 2009. | ||
| 300 | |a 97 tr. |c 18 cm | ||
| 520 | 3 | |a Hai nhà nghề là quyển sách thuộc bộ sách "Làm quen với văn học", tuyển tập những truyện ngắn đặc sắc dành cho lứa tuổi thiếu nhi. | |
| 653 | |a Tham khảo | ||
| 942 | |2 ddc |c BK | ||
| 952 | |0 0 |1 0 |2 ddc |4 0 |6 895_922000000000000_H103N |7 0 |9 28768 |a 000001 |b 000001 |d 2024-03-27 |o 895.922 H103N |p TK.03970 |r 2024-03-27 |v 14500.00 |w 2024-03-27 |y BK | ||
| 980 | |a Thư viện Trường Đại học Nam Cần Thơ | ||